[Event "Benidorm op U2000 12th"]
[Site "Benidorm"]
[Date "2013.12.06"]
[Round "9"]
[White "Larranaga Aldalur, Jose Joaquin"]
[Black "Saifi, Mourad"]
[Result "1/2-1/2"]
[WhiteElo "1902"]
[BlackElo "1774"]
[PlyCount "52"]
[EventDate "2013.11.29"]
[EventType "swiss"]
[EventRounds "10"]
[EventCountry "ESP"]
[SourceTitle "CBM 157 Extra"]
[Source "ChessBase"]
[SourceDate "2013.12.19"]
[SourceVersion "1"]
[SourceVersionDate "2013.12.19"]
[SourceQuality "1"]

1. e4 c5 2. d4 cxd4 3. c3 Nc6 4. Nf3 d5 5. exd5 Qxd5 6. cxd4 Bg4 7. Be2 e6 8. Nc3 Bb4 9. 0-0 Bxc3 10. bxc3 Nf6 11. h3 Bf5 12. Be3 0-0 13. Nh4 Rfd8 14. Nxf5 Qxf5 15. Rb1 b6 16. Bd3 Qh5 17. Qd2 h6 18. Rb5 Rd5 19. a4 Rad8 20. Be2 Qh4 21. Bf3 R5d6 22. Bf4 e5 23. Bg3 Ne4 24. Qe1 Nxg3 25. fxg3 Qe7 26. dxe5 Re6 1/2-1/2

[Event "Navarra-chT Preferente"]
[Site "Navarra"]
[Date "2012.11.24"]
[Round "7.8"]
[White "Saifi, Mourad"]
[Black "Garjon Modrego, Miguel"]
[Result "1/2-1/2"]
[WhiteElo "1816"]
[BlackElo "1896"]
[PlyCount "73"]
[EventDate "2012.10.13"]
[EventType "team"]
[EventRounds "7"]
[EventCountry "ESP"]
[SourceTitle "EXT 2014"]
[Source "ChessBase"]
[SourceDate "2013.11.20"]
[SourceVersion "1"]
[SourceVersionDate "2013.11.20"]
[SourceQuality "1"]
[WhiteTeam "Santa Ana"]
[BlackTeam "Oberena"]
[WhiteTeamCountry "ESP"]
[BlackTeamCountry "ESP"]

1. e4 c6 2. d4 d6 3. f4 Nf6 4. Bd3 g6 5. Nf3 Bg7 6. 0-0 0-0 7. Be3 Ng4 8. Bc1 e6 9. c3 f5 10. e5 d5 11. h3 Nh6 12. Qe1 Nf7 13. a4 b6 14. Be3 Bb7 15. Nbd2 Nd7 16. b4 Qc7 17. Nb3 Rfe8 18. Qf2 Bf8 19. Ng5 Nxg5 20. fxg5 Be7 21. h4 Rf8 22. h5 Kg7 23. Qh4 Rh8 24. g4 Raf8 25. gxf5 exf5 26. e6 Nb8 27. h6+ Kg8 28. Bf4 Bd6 29. Qg3 Bxf4 30. Qxf4 Qxf4 31. Rxf4 Bc8 32. a5 Bxe6 33. axb6 axb6 34. Ra7 Rf7 35. Ra8 Rf8 36. Ra7 Rf7 37. Ra8 1/2-1/2

[Event "Navarra-chT Primera Gp2"]
[Site "Navarra"]
[Date "2012.10.27"]
[Round "3.1"]
[White "Arrizibita Legarre, Jon Inaki"]
[Black "Saifi, Mourad"]
[Result "0-1"]
[WhiteElo "1690"]
[BlackElo "1816"]
[PlyCount "58"]
[EventDate "2012.10.13"]
[EventType "team-swiss"]
[EventRounds "5"]
[EventCountry "ESP"]
[SourceTitle "EXT 2014"]
[Source "ChessBase"]
[SourceDate "2013.11.20"]
[SourceVersion "1"]
[SourceVersionDate "2013.11.20"]
[SourceQuality "1"]
[WhiteTeam "Arrano Elkartea II"]
[BlackTeam "Santa Ana II"]
[WhiteTeamCountry "ESP"]
[BlackTeamCountry "ESP"]

1. e4 e5 2. Nf3 Nc6 3. Bc4 Bc5 4. d3 Nf6 5. a3 a6 6. Bg5 d6 7. Nc3 h6 8. Bh4 Be6 9. Nd5 g5 10. Bg3 Bxd5 11. exd5 Ne7 12. Nd2 Nexd5 13. Qf3 c6 14. Ne4 Nxe4 15. Bxd5 cxd5 16. dxe4 dxe4 17. Qxe4 Qd7 18. 0-0-0 f5 19. Qf3 f4 20. Rd5 fxg3 21. fxg3 Qf7 22. Qe4 0-0-0 23. b4 Bd4 24. Rd1 Qc7 25. Qd3 Qc3 26. Qf5+ Kb8 27. R5xd4 exd4 28. Rd3 Qa1+ 29. Kd2 Rhf8 0-1